000 00756nam a22002055i 4500
001 176237
003 ES-MaACL
005 20251014063251.0
008 101227s1956 sp |||| | spa d
080 _a821.134.2-95"17"
100 1 _aForner, Juan Pablo,
_d1756-1797
_951775
245 1 0 _aExequias de la lengua castellana /
_cpor Juan Pablo Forner ; edición, introducción y notas de Pedro Sáinz y Rodríguez.
260 _aMadrid :
_bEspasa-Calpe,
_cimp. 1956.
300 _aXXXIX, 211 p. ;
_c20 cm.
490 1 _aClásicos castellanos ;
_v66
700 1 _aSainz Rodríguez, Pedro,
_d1898-1986
_9101608
830 0 0 _aClásicos castellanos (Espasa-Calpe)
_v66
_9183802
852 _aES-MaACL
_jE-13906
_xOlim P-94
999 _c176237
_d176237